South Eastern Kenya University

Library Online Public Access Catalogue


Concise inorganic chemistry (Record no. 33)

MARC details
000 -LEADER
fixed length control field 00499nam a2200157 4500
020 ## - ISBN
International Standard Book Number 9788126515547
050 ## - LIBRARY OF CONGRESS CALL NUMBER
Classification Number QD453.2
Item Number .L44 2014
100 ## - MAIN ENTRY--Author
Personal name Lee , J.D.
245 ## - TITLE
Title Concise inorganic chemistry
Statement of responsibility, etc J.D. Lee
250 ## - EDITIONSTATEMENT
Edition statement 5th ed.
260 ## - PUBLICATION, DISTRIBUTION, ETC.(IMPRINT)
Place of publication, distribution, etc New Delhi, India :
Name of publisher, distributor, etc Black Science Ltd. (Wiley) :
Date of publication, distribution, etc 1996
300 ## - PHYSICAL DESCRIPTION
Extent xxxv, 1032 pgs.
500 ## - GENERALNOTE
General note Includes appendices and index
650 ## - SUBJECT--TOPIC
Topical term following geographic name as entry element Chemical bonds ;
-- Chemistry, Physical and theoretical ;
-- Atomic theory ;
-- Chemistry, Inorganic
942 ## - ADDED ENTRY ELEMENTS(KOHA)
Koha item type General circulation
Holdings
Source of classification or shelving scheme Not for loan Location (home branch) Sublocation (holding branch) Date accessioned Cost, normal purchase price Full call number Barcode Cost, replacement price Nonpublic note Koha item type Public note
Library of Congress Classification   Main Campus Library Main Campus Library 05/05/2014 4500.00 QD453.2 .L44 2014 017959 5000.00 Nzk General circulation Nzk
Library of Congress Classification   Main Campus Library Main Campus Library 14/09/2020   QD453.2 .L44 2014 2017/020444     General circulation  
Kitui, Kenya.
+254736116989
library@seku.ac.ke